| 000 -CABECERA |
| Campo de control de longitud fija |
00564nam a22001697a 4500 |
| 005 - FECHA Y HORA DE LA ÚLTIMA TRANSACCIÓN |
| Campo de control |
20240926155156.0 |
| 008 - CAMPO FIJO DE DESCRIPCIÓN FIJA--INFORMACIÓN GENERAL |
| Campo de control de longitud fija |
240925b ||||| |||| 00| 0 eng d |
| 020 ## - ISBN (INTERNATIONAL STANDARD BOOK NUMBER) |
| ISBN |
9788419474582 |
| 040 ## - FUENTE DE CATALOGACIÓN |
| Agencia de catalogación original |
CDMR |
| Agencia que realiza la modificación |
CDMR |
| 100 1# - ENCABEZAMIENTO PRINCIPAL--NOMBRE PERSONAL |
| 9 (RLIN) |
340 |
| Nombre de persona |
Alsius, Salvador |
| 245 ## - MENCIÓN DE TÍTULO |
| Título |
Veni, vidi, vixi |
| Parte restante del título |
: [Memòries d'infància i joventut (1948-1983)] / |
| Mención de responsabilidad, etc. |
Salvador Alsius |
| 260 ## - PUBLICACIÓN, DISTRIBUCIÓN, ETC (PIE DE IMPRENTA) |
| Lugar de publicación, distribución, etc. |
Barcelona : |
| Nombre del editor, distribuidor, etc. |
Viena Edicions, |
| Fecha de publicación, distribución, etc. |
2024 |
| 300 ## - DESCRIPCIÓN FÍSICA |
| Extensión |
313 pàgines |
| 490 ## - MENCIÓN DE SERIE |
| Mención de serie |
Memòria |
| Número de volumen/designación secuencial |
; 25 |
| 586 ## - NOTA DE PREMIOS |
| Nota de premios |
Obra guanyadora del Premi Romà Planas i Miró de Memorials Populars 2023 |
| 942 ## - ELEMENTOS KOHA |
| Fuente de clasificación o esquema de ordenación en estanterías |
|
| Koha tipo de item |
Monografies |